History and Systems of Psychology (Record no. 16763)

MARC details
000 -LEADER
fixed length control field 00598nam a22002177a 4500
003 - CONTROL NUMBER IDENTIFIER
control field OSt
005 - DATE AND TIME OF LATEST TRANSACTION
control field 20180326091011.0
008 - FIXED-LENGTH DATA ELEMENTS--GENERAL INFORMATION
fixed length control field 180326b xxu||||| |||| 00| 0 eng d
020 ## - INTERNATIONAL STANDARD BOOK NUMBER
International Standard Book Number 9780130481191
040 ## - CATALOGING SOURCE
Transcribing agency KABU
050 ## - LIBRARY OF CONGRESS CALL NUMBER
Classification number BF 81
Item number .B73 2002 C.1
100 ## - MAIN ENTRY--PERSONAL NAME
Personal name Brennan, F. James
245 ## - TITLE STATEMENT
Title History and Systems of Psychology
Statement of responsibility, etc. James F. Brennan
250 ## - EDITION STATEMENT
Edition statement 6th ed.
260 ## - PUBLICATION, DISTRIBUTION, ETC. (IMPRINT)
Place of publication, distribution, etc. New Jersey:
Name of publisher, distributor, etc. Prentice Hall,
Date of publication, distribution, etc. 2002
300 ## - PHYSICAL DESCRIPTION
Extent x, 358 p.
650 ## - SUBJECT ADDED ENTRY--TOPICAL TERM
Topical term or geographic name as entry element Psychology
Form subdivision History
650 ## - SUBJECT ADDED ENTRY--TOPICAL TERM
Topical term or geographic name as entry element Psychology
Form subdivision History
General subdivision 20th century
650 ## - SUBJECT ADDED ENTRY--TOPICAL TERM
Topical term or geographic name as entry element Psychology
Form subdivision Philosophy
942 ## - ADDED ENTRY ELEMENTS (KOHA)
Source of classification or shelving scheme Library of Congress Classification
Koha item type General Collection
Holdings
Withdrawn status Lost status Source of classification or shelving scheme Not for loan Home library Current library Date acquired Cost, normal purchase price Inventory number Total Checkouts Full call number Barcode Date last seen Copy number Price effective from Koha item type Date last checked out
    Library of Congress Classification   Kabarak, Main Campus Kabarak, Main Campus 26/03/2018 7995.00 2018/0998   BF 81 .B73 2002 C.1 024812 02/08/2024 C. 1 26/03/2018 General Collection  
    Library of Congress Classification   Kabarak, Main Campus Kabarak, Main Campus 26/03/2018 7995.00 2018/0996   BF 81 .B73 2002 C.2 024793 02/08/2024 C. 2 26/03/2018 General Collection  
    Library of Congress Classification   Kabarak, Main Campus Kabarak, Main Campus 09/07/2018 7995.00   1 BF 81 .B73 2002 c.4 024877 19/06/2025   09/07/2018 General Collection 03/06/2025
    Library of Congress Classification   Kabarak, Main Campus Kabarak, Main Campus 09/07/2018     1 BF 81 .B73 2002 c.5 024879 02/08/2024   09/07/2018 General Collection 12/11/2018
Designed with assistance from East African Informatics Ltd